| 000 | 00747nam a2200205 4500 | ||
|---|---|---|---|
| 001 | 133038 | ||
| 003 | ES-MaACL | ||
| 005 | 20251221063015.0 | ||
| 007 | t| | ||
| 008 | 070214s1970 sp r ||||1| spa d | ||
| 100 | 1 |
_aRosselló-Porcel, Bartomeu, _d1913-1938 _9132074 |
|
| 245 | 1 | 0 |
_aDe la `Imitación y el fuego` y otros poemas / _cBartolomé Rosselló-Porcel ; presentación de Salvador Espriu ; introducción de Antoni Comas ; versión de Jaime Pomar. |
| 260 |
_aBarcelona : _bPolígrafa, _c1970. |
||
| 300 |
_a115 p. : _bil. ; _c21 cm. |
||
| 700 | 1 |
_aEspriu, Salvador, _d1913-1985 _947947 |
|
| 700 | 1 |
_aComas, Antoni. _939930 |
|
| 700 | 1 |
_aPomar, Jaume. _992897 |
|
| 852 |
_aES-MaACL _jC-41497 _bR.79818 |
||
| 999 |
_c133038 _d133038 |
||